000 01278nam a2200313Ia 4500
001 ebr10225398
003 CaPaEBR
006 m u
007 cr cn|||||||||
008 080512s2008 inu s 001 0 eng d
020 _z9780470251553
040 _aCaPaEBR
_cCaPaEBR
035 _a(OCoLC)608622322
050 1 4 _aTK6570.M6
_bW346 2008eb
100 1 _aWagner, Richard.
245 1 0 _aProfessional iPhone and iPod touch programming
_h[electronic resource] :
_bbuilding applications for Mobile Safari /
_cRichard Wagner ; technical editor, Ishan Anand.
260 _aIndianapolis, Ind. :
_bWiley Pub.,
_cc2008.
300 _axxi, 284 p.
500 _aIncludes index.
533 _aElectronic reproduction.
_bPalo Alto, Calif. :
_cebrary,
_d2011.
_nAvailable via World Wide Web.
_nAccess may be limited to ebrary affiliated libraries.
650 0 _aCell phones
_xTechnological innovations.
650 0 _aInternet telephony.
650 0 _aiPhone (Smartphone)
_xProgramming.
650 0 _aiPod (Digital music player)
_xProgramming.
655 7 _aElectronic books.
_2local
700 1 _aAnand, Ishan.
710 2 _aebrary, Inc.
856 4 0 _uhttp://site.ebrary.com/lib/rucke/Doc?id=10225398
_zAn electronic book accessible through the World Wide Web; click to view
999 _c41105
_d41105